Zahraničná politika Kanady s dôrazom na obdobie po nástupe Justina Trudeaua k moci diplomová práca

Uložené v:
Podrobná bibliografia
Hlavný autor: Greguš, Lukáš
Korporativný autor: Fakulta medzinárodných vzťahov EU. Katedra medzinárodných politických vzťahov
Ďalší autori: Kucharčík, Rudolf, 1977-
Médium: Kniha
Jazyk:Slovak
Vydavateľské údaje: Bratislava 2018
Tagy: Pridať tag
Žiadne tagy, Buďte prvý, kto otaguje tento záznam!

MARC

LEADER 00000nbm a2200000 4500
001 0244494
005 20180806115157.4
041 0 |a slo 
044 |a SK 
245 1 0 |a Zahraničná politika Kanady s dôrazom na obdobie po nástupe Justina Trudeaua k moci  |b diplomová práca  |c Lukáš Greguš ; školiteľ: Rudolf Kucharčík 
264 1 |a Bratislava  |c 2018 
300 |a 73 s. 
100 1 |a Greguš, Lukáš 
700 1 |a Kucharčík, Rudolf, 1977- 
710 2 |a Fakulta medzinárodných vzťahov EU. Katedra medzinárodných politických vzťahov